Rhyming arquitecture with poetry: the Valparaíso school and the open city

保存先:
書誌詳細
第一著者: Calder, Judith Rebecca (著者)
フォーマット: 図書
言語:英語
出版事項: Valparaíso Judith Rebecca Calder 2011
版:1a. ed
主題:
タグ: タグ追加
タグなし, このレコードへの初めてのタグを付けませんか!

MARC

LEADER 00000nam a2200000 a 4500
001 UCG7300
003 CL-VaPUC
008 110707e20110000CL |||||||||||||||||eng|d
082 0 4 |a 720.49  |b CAL  |2 21 
100 0 |a Calder, Judith Rebecca  |e author  |9 557984 
245 1 0 |a Rhyming arquitecture with poetry: the Valparaíso school and the open city 
250 |a 1a. ed 
300 |a 105 p 
651 0 |a Valparaíso, Chile  |9 261144 
942 |c BK 
945 |d 20110707 00:00:00  |a jcampos 
260 |a Valparaíso  |b Judith Rebecca Calder  |c 2011 
650 0 |a Arquitectura  |9 804558 
650 0 |a Arquitectutra poética   |9 557986 
650 0 |a Ciudad Abierta  |9 390391 
583 |a last modification  |c 20110707 00:00:00  |k Rodrigo Vera 
999 |c 345326  |d 345324 
952 |0 0  |1 0  |4 0  |6 720_490000000000000_CAL_2011  |7 0  |8 A  |9 443927  |a BIBARQ  |b BIBARQ  |d 2019-11-22  |i 4783107  |l 2  |o 720.49 CAL 2011  |p 4783107  |r 2025-05-06  |s 2025-05-06  |w 2019-11-22  |y BK  |k ARQ